जवाहरलाल नेहरू अन्तरराष्ट्रीय सद्भावना पुरस्कार से सम्मानित विभूतियां (Record no. 6511)

MARC details
000 -LEADER
fixed length control field 01233 a2200217 4500
005 - DATE AND TIME OF LATEST TRANSACTION
control field 20080911155231.0
008 - FIXED-LENGTH DATA ELEMENTS--GENERAL INFORMATION
fixed length control field 080911t xxu||||| |||| 00| 0 hin d
010 ## - LIBRARY OF CONGRESS CONTROL NUMBER
LC control number HIN-80631
020 ## - INTERNATIONAL STANDARD BOOK NUMBER
International Standard Book Number 818777455x
Terms of availability 300.00
035 ## - SYSTEM CONTROL NUMBER
System control number HN-52977
037 ## - SOURCE OF ACQUISITION
Source of stock number/acquisition D.B.Act / pub
082 ## - DEWEY DECIMAL CLASSIFICATION NUMBER
Classification number 929.8154
100 ## - MAIN ENTRY--PERSONAL NAME
Personal name सक्सेना, बलबीर
245 ## - TITLE STATEMENT
Title जवाहरलाल नेहरू अन्तरराष्ट्रीय सद्भावना पुरस्कार से सम्मानित विभूतियां
Statement of responsibility, etc बलबीर सक्सेना
246 ## - VARYING FORM OF TITLE
Title proper/short title Jawaharlal Nehru antarrastriy Sadbhavna puraskar se sammanit vibhutiyan
Remainder of title by Balbir Saxena
260 ## - PUBLICATION, DISTRIBUTION, ETC. (IMPRINT)
Place of publication, distribution, etc नई दिल्ली
Name of publisher, distributor, etc नीलकंठ प्रकाशन
Date of publication, distribution, etc 2006
270 ## - ADDRESS
Address 1/1079-ई, महरौली
City नई दिल्ली
Postal code 110032
300 ## - PHYSICAL DESCRIPTION
Extent 283पृ
Dimensions 22सेमी (सजिल्द)
942 ## - ADDED ENTRY ELEMENTS (KOHA)
Institution code [OBSOLETE] dpl
Koha item type Hindi Books
Call number prefix 929.8154 / सक्सेना
Source of classification or shelving scheme Dewey Decimal Classification
Classification part 929.8154
Call number suffix सक्सेना
Holdings
Withdrawn status Lost status Damaged status Not for loan Home library Current library Date acquired Cost, normal purchase price Total Checkouts Full call number Barcode Date last seen Copy number Uniform Resource Identifier Cost, replacement price Price effective from Koha item type
        D.B.Act.Division D.B.Act.Division 11/09/2008 300.00   929.8154 सक्सेना HN-52977 15/09/2008 1 7003 300.00 15/09/2008 Hindi Books

© Delhi Public Library
Hit Counter
free hit counter